Comparison of different rate of biocin-F on tomato under net house condition ប្រៀបធៀប BIOCIN-F ដែលមានកំរិតផ្សេងៗគ្នាទៅលើដំណាំប៉េងប៉ោះពូជនាងតំ នៅលក្ខខណ្ឌក្នុងផ្ទះសំណាញ់ (Record no. 1274)

000 -LEADER
fixed length control field 00683nam a22001577a 4500
003 - CONTROL NUMBER IDENTIFIER
control field OSt
005 - DATE AND TIME OF LATEST TRANSACTION
control field 20150925170320.0
008 - FIXED-LENGTH DATA ELEMENTS--GENERAL INFORMATION
fixed length control field 150925b xxu||||| |||| 00| 0 eng d
040 ## - CATALOGING SOURCE
Transcribing agency RUA
082 ## - DEWEY DECIMAL CLASSIFICATION NUMBER
Classification number AGR EN 2013 B054 Or.1
100 ## - MAIN ENTRY--PERSONAL NAME
9 (RLIN) 1359
Personal name EN, SAM.
245 ## - TITLE STATEMENT
Title Comparison of different rate of biocin-F on tomato under net house condition ប្រៀបធៀប BIOCIN-F ដែលមានកំរិតផ្សេងៗគ្នាទៅលើដំណាំប៉េងប៉ោះពូជនាងតំ នៅលក្ខខណ្ឌក្នុងផ្ទះសំណាញ់
260 ## - PUBLICATION, DISTRIBUTION, ETC. (IMPRINT)
Place of publication, distribution, etc. Phnom Penh
Name of publisher, distributor, etc. RUA
Date of publication, distribution, etc. 2013
300 ## - PHYSICAL DESCRIPTION
Extent xi; 50p.
Other physical details ill.
Dimensions 29cm.
942 ## - ADDED ENTRY ELEMENTS (KOHA)
Source of classification or shelving scheme
Koha item type AGR
Holdings
Price effective from Date last seen Permanent Location Not for loan Date acquired Source of classification or shelving scheme Koha item type Lost status Withdrawn status Total Renewals Date last checked out Total Checkouts Shelving location Damaged status Barcode Current Location Full call number
2015-09-252015-09-25Library Block B 2015-09-25 AGR     B054 RUA005653Library Block BAGR EN 2013 B054 Or.1
2015-09-252016-10-05Library Block B 2015-09-25 AGR   2016-09-132B054 RUA005485Library Block BAGR EN 2013 B054 Or.2
2015-09-252015-09-25Library Block B 2015-09-25 AGR     B054 RUA005415Library Block BAGR EN 2013 B054 Or.3
2015-09-252016-08-01Library Block B 2015-09-25 AGR  12016-07-133B054 RUA005491Library Block BAGR EN 2013 B054 Or.4
2015-09-252017-09-12Library Block B 2015-09-25 AGR   2017-08-162B054 RUA005563Library Block BAGR EN 2013 B054 Or.5
2015-09-252015-09-25Library Block B 2015-09-25 AGR     B054 RUA005635Library Block BAGR EN 2013 B054 Or.6
2018-12-242020-03-11Library Block B 2018-12-24 AGR   2020-02-193B1.194 A41467Library Block BAGR EN 2013 B1.194 Or.1
2019-02-152019-02-15Library Block B 2019-02-15 AGR     B1.218 A39910Library Block BAGR EN 2013 B1.218 Or.1
មជ្ឈមណ្ឌលឯការនៃសាកលវិទ្យាល័យភូមិន្ទកសិកម្មចំការដូង

Powered by Koha